000 00397nam a2200157Ia 4500
008 230917s9999||||xx |||||||||||||| ||und||
040 _e158725
_aMAIN
041 _aEnglish
082 _a005.133 B181O(4)
100 _aBalagurusamy, E
245 0 _aObject-oriented programming with C++
250 _a4th ed.
260 _aNew Delhi
_bTata McGraw-Hill
_c2010
300 _a635 p.
942 _cBK
999 _c155617
_d155617